|
|
|
|
| LEADER |
00956nam a2200205 a 4500 |
| 001 |
27171310 |
| 003 |
GR-PaULI |
| 008 |
161201s2000 gr 000 0 gre|c |
| 040 |
|
|
|a GrPaTEI
|b gre
|c GR-PaULI
|
| 041 |
1 |
|
|a gre
|
| 082 |
0 |
4 |
|a 938
|2 23
|
| 100 |
1 |
|
|a Θεοδωρόπουλος, Κωστής Η.
|
| 245 |
1 |
2 |
|a Η άγνωστη Μεσσηνία των προϊστορικών χρόνων :
|b (πρωτοποριακή μελέτη) /
|c Κωστής Θεοδωρόπουλος.
|
| 260 |
|
|
|a Αθήνα:
|b Ιστορικές εκδόσεις Στεφ. Βασιλόπουλος,
|c 2000.
|
| 300 |
|
|
|a 638 σ. ;
|c 23 εκ.
|
| 650 |
|
0 |
|a History, Ancient
|
| 942 |
|
|
|2 ddc
|
| 952 |
|
|
|0 0
|1 0
|2 ddc
|4 0
|6 938_900000000000000_ΘΕΟ
|7 1
|9 318083
|a LISK
|b LISK
|c BSC
|d 2021-01-17
|e 24
|f 0
|g 0.00
|l 0
|o 938.9 ΘΕΟ
|p 99241000064535
|r 2021-01-17 00:00:00
|t 1
|w 2021-01-17
|y BKN
|x Purchase/Donation Number
|x General Note
|x GrPaTEI
|
| 971 |
|
|
|a .b27171310
|b 16-04-20
|c 01-12-16
|
| 999 |
|
|
|c 180854
|d 180854
|